000 00653nam a2200205 u 4500
005 20240928063752.0
008 081106s2001 mx r 000 0 spa d
020 _a9682462401
035 _aUPN01000165018
049 _aCG
050 4 _aHD30.4
_bC3.2
100 1 _aCamus Márquez, Guillermo de Jesús
245 1 0 _aAdministración integral en la empresa /
_cGuillermo de Jesús Camus Márquez.
260 _aMéxico :
_bTrillas,
_c2001.
300 _a183 p. :
_bgráfs., figs.
650 2 _aAdministración
_xEstudio y enseñanza
_9423
650 4 _aNegocios
_xAdministración
_98730
650 4 _aEmpresas
_xAdministración
_9229
905 _aLibro
999 _c137130
_d137130